The lessons of history (Record no. 571457)

000 -LEADER
fixed length control field 00414nam a22001697a 4500
003 - CONTROL NUMBER IDENTIFIER
control field CEME
005 - DATE AND TIME OF LATEST TRANSACTION
control field 20210628202924.0
008 - FIXED-LENGTH DATA ELEMENTS--GENERAL INFORMATION
fixed length control field 210119b xxu||||| |||| 00| 0 eng d
040 ## - CATALOGING SOURCE
Transcribing agency ceme
082 ## - DEWEY DECIMAL CLASSIFICATION NUMBER
Classification number 808.4 WIL
100 ## - MAIN ENTRY--PERSONAL NAME
Personal name Will, Durant, Ariel
9 (RLIN) 62315
245 ## - TITLE STATEMENT
Title The lessons of history
260 ## - PUBLICATION, DISTRIBUTION, ETC.
Place of publication, distribution, etc. NEW YORK
Name of publisher, distributor, etc. PAF BOOK CLUB
Date of publication, distribution, etc. 1988
300 ## - PHYSICAL DESCRIPTION
Extent 80P
650 ## - SUBJECT ADDED ENTRY--TOPICAL TERM
Topical term or geographic name entry element HISTORY LESSONS
9 (RLIN) 62316
942 ## - ADDED ENTRY ELEMENTS (KOHA)
Koha item type Book
Source of classification or shelving scheme
Holdings
Withdrawn status Lost status Source of classification or shelving scheme Damaged status Not for loan Permanent Location Current Location Shelving location Date acquired Shelving control number Full call number Barcode Date last seen Price effective from Koha item type Public note Total Checkouts
          College of Electrical & Mechanical Engineering (CEME) College of Electrical & Mechanical Engineering (CEME) Fiction 03/22/2017 English Literature 808.4 WIL CEME-42272 01/01/2026 06/28/2021 Book CART-4  
          College of Electrical & Mechanical Engineering (CEME) College of Electrical & Mechanical Engineering (CEME) Fiction 03/22/2017 English Literature 808.4 WIL CEME-42273 06/28/2021 06/28/2021 Book CART-4  
          College of Electrical & Mechanical Engineering (CEME) College of Electrical & Mechanical Engineering (CEME) Fiction 01/26/2026 English Literature 808.4 WIL ceme-10620 01/26/2026 01/26/2026 Book CART-4  
          College of Electrical & Mechanical Engineering (CEME) College of Electrical & Mechanical Engineering (CEME) Fiction 01/26/2026 English Literature 808.4 WIL CEME-10621 01/26/2026 01/26/2026 Book CART-4  
          College of Electrical & Mechanical Engineering (CEME) College of Electrical & Mechanical Engineering (CEME) Fiction 01/26/2026 English Literature 808.4 WIL CEME_10609 01/26/2026 01/26/2026 Book CART-4  
© 2023 Central Library, National University of Sciences and Technology. All Rights Reserved.